[Event "Michigan Action"]
[Site "Warren"]
[Date "2004.12.11"]
[Round "5"]
[White "Vlacic, Sretko"]
[Black "Ho, Randy"]
[Result "1-0"]
[WhiteElo "1645"]
[BlackElo "2007"]
[PlyCount "67"]
[EventDate "2004.12.11"]
[EventType "swiss"]
[EventRounds "5"]
[EventCountry "USA"]
[SourceTitle "EXT 2007"]
[Source "ChessBase"]
[SourceDate "2006.11.23"]
[SourceVersion "1"]
[SourceVersionDate "2006.11.23"]
[SourceQuality "1"]

1. d4 Nf6 2. Nf3 g6 3. Bg5 Bg7 4. c4 0-0 5. Nc3 d6 6. e4 h6 7. Bh4 c5 8. d5 a6 9. a4 Qb6 10. Qc2 Bg4 11. a5 Qc7 12. h3 Bxf3 13. gxf3 Nbd7 14. Bg3 Ne5 15. Be2 b6 16. axb6 Qxb6 17. f4 Ned7 18. 0-0 Rfb8 19. e5 Ne8 20. Bg4 Ra7 21. e6 Nf8 22. exf7+ Kxf7 23. Be6+ Nxe6 24. dxe6+ Kxe6 25. Qxg6+ Bf6 26. Rfe1+ Kd7 27. Nd5 Qb3 28. Qf7 Kc6 29. f5 Bd4 30. Kg2 Rab7 31. Rxa6+ Rb6 32. Nxb6 Rxb6 33. Qxe8+ Kc7 34. Rxe7# 1-0

[Event "Auburn Hills op"]
[Site "Auburn Hills"]
[Date "2004.04.17"]
[Round "3"]
[White "Reddivari, Dushya"]
[Black "Ho, Randy"]
[Result "0-1"]
[WhiteElo "1857"]
[BlackElo "1915"]
[PlyCount "64"]
[EventDate "2004.04.17"]
[EventType "swiss"]
[EventRounds "5"]
[EventCountry "USA"]
[SourceTitle "EXT 2008"]
[Source "ChessBase"]
[SourceDate "2007.11.25"]
[SourceVersion "1"]
[SourceVersionDate "2007.11.25"]
[SourceQuality "1"]

1. c4 d6 2. e4 Nf6 3. Nc3 g6 4. g3 Bg7 5. Bg2 0-0 6. Nge2 c6 7. d4 e5 8. d5 cxd5 9. Nxd5 Nxd5 10. cxd5 f5 11. 0-0 Nd7 12. f4 fxe4 13. Bxe4 Nf6 14. Bg2 Qb6+ 15. Kh1 Ng4 16. Qe1 Ne3 17. Bxe3 Qxe3 18. Rf3 Qb6 19. Rb3 Qd8 20. Qd2 Rb8 21. fxe5 Bxe5 22. Nf4 Bxf4 23. gxf4 Qh4 24. Rf1 Bg4 25. Rc3 Rf5 26. Bf3 Qh3 27. Qe2 Rxf4 28. Rf2 Qh4 29. Bxg4 Rxf2 30. Qe6+ Kh8 31. Qxd6 Re8 32. Be6 Qe4+ 0-1

[Event "Kalamazoo op1"]
[Site "Kalamazoo"]
[Date "2003.08.30"]
[Round "2.27"]
[White "Smith, Walter"]
[Black "Ho, Randy"]
[Result "0-1"]
[WhiteElo "1949"]
[BlackElo "1841"]
[PlyCount "96"]
[EventDate "2003.08.29"]
[EventType "swiss"]
[EventRounds "7"]
[EventCountry "USA"]
[SourceTitle "EXT 2007"]
[Source "ChessBase"]
[SourceDate "2006.11.23"]
[SourceVersion "1"]
[SourceVersionDate "2006.11.23"]
[SourceQuality "1"]

1. Nf3 b6 2. e4 Bb7 3. Nc3 e6 4. d4 Nf6 5. e5 Nd5 6. Ne4 f5 7. Ng3 c5 8. c4 Nc7 9. d5 exd5 10. Nxf5 d4 11. Bg5 Bxf3 12. Bxd8 Bxd1 13. Bxc7 Bg4 14. Nd6+ Bxd6 15. Bxd6 Nc6 16. Bd3 Kf7 17. 0-0 Nb4 18. Be4 Be2 19. Rfc1 d3 20. a3 Nc2 21. Rab1 Nd4 22. Rc3 d2 23. Bd5+ Kg6 24. Be4+ Kg5 25. Rd3 Bxd3 26. Bxd3 Nb3 27. Rd1 a5 28. Be7+ Kf4 29. Bd6 Kg5 30. Bc2 a4 31. Bxb3 axb3 32. Rxd2 Ra4 33. h4+ Kxh4 34. Be7+ Kg4 35. Rxd7 Rxc4 36. Bd8 Re8 37. Rxg7+ Kf5 38. Bc7 Rc1+ 39. Kh2 Rc2 40. Rf7+ Kg6 41. Rf6+ Kg7 42. Rxb6 c4 43. e6 Re2 44. Rc6 R8xe6 45. Rxc4 Rc2 46. Rg4+ Kf6 47. f4 Rxc7 48. f5 Rc4 0-1

[Event "Detroit op1"]
[Site "Detroit"]
[Date "2003.05.17"]
[Round "3"]
[White "Choyke, Jack"]
[Black "Ho, Randy"]
[Result "0-1"]
[WhiteElo "1619"]
[BlackElo "1888"]
[PlyCount "102"]
[EventDate "2003.05.17"]
[EventType "swiss"]
[EventRounds "5"]
[EventCountry "USA"]
[SourceTitle "EXT 2007"]
[Source "ChessBase"]
[SourceDate "2006.11.23"]
[SourceVersion "1"]
[SourceVersionDate "2006.11.23"]
[SourceQuality "1"]

1. e4 c5 2. Nf3 d6 3. d4 cxd4 4. Nxd4 Nf6 5. Nc3 Nc6 6. Bg5 Bd7 7. Bxf6 gxf6 8. Bc4 Qb6 9. Nb3 Ne5 10. Be2 f5 11. Nd5 Qd8 12. exf5 Bxf5 13. Bb5+ Bd7 14. Qe2 Bxb5 15. Qxb5+ Qd7 16. Nc7+ Kd8 17. Qxd7+ Kxd7 18. Nxa8 Bh6 19. 0-0 Rxa8 20. c3 Rg8 21. Nd4 Nc4 22. b3 Ne5 23. Rad1 e6 24. Nb5 d5 25. Nxa7 Ra8 26. Nb5 Rxa2 27. c4 Kc6 28. Ra1 Rb2 29. Na7+ Kc5 30. cxd5 exd5 31. Rab1 Rc2 32. b4+ Kb6 33. Ra1 Nd3 34. b5 Nxf2 35. Ra3 Bf8 36. Raa1 Bc5 37. Nc8+ Kc7 38. Ra8 d4 39. Na7 Ng4 40. Rxf7+ Kb6 41. Nc8+ Kxb5 42. Kf1 d3 43. Rxb7+ Kc6 44. Rb1 Ne3+ 45. Kg1 d2 46. Ne7+ Kd6 47. Nc8+ Ke5 48. Raa1 d1Q+ 49. Rxd1 Nxd1+ 50. Kf1 Ne3+ 51. Ke1 Bb4# 0-1

[Event "Auburn Hills op"]
[Site "Auburn Hills"]
[Date "2003.04.26"]
[Round "1"]
[White "Jewell, Kenneth"]
[Black "Ho, Randy"]
[Result "0-1"]
[WhiteElo "1812"]
[BlackElo "1888"]
[PlyCount "70"]
[EventDate "2003.04.26"]
[EventType "swiss"]
[EventRounds "5"]
[EventCountry "USA"]
[SourceTitle "EXT 2007"]
[Source "ChessBase"]
[SourceDate "2006.11.23"]
[SourceVersion "1"]
[SourceVersionDate "2006.11.23"]
[SourceQuality "1"]

1. e4 c5 2. Nf3 d6 3. d4 cxd4 4. Nxd4 Nf6 5. Nc3 a6 6. Bc4 e6 7. Be3 Nbd7 8. f3 Ne5 9. Bb3 Be7 10. Qd2 0-0 11. 0-0-0 b5 12. g4 Qc7 13. h4 Nc4 14. Bxc4 bxc4 15. h5 Ne8 16. Rdg1 f6 17. f4 Rb8 18. f5 d5 19. exd5 Qb7 20. Nd1 exd5 21. c3 Nd6 22. Nf2 Re8 23. h6 Bd8 24. Bf4 Bc7 25. Bxd6 Bxd6 26. hxg7 Bf4 27. Qxf4 Qxb2+ 28. Kd1 Qxc3 29. Qxb8 Qxd4+ 30. Kc1 Qe3+ 31. Kb1 Bxf5+ 32. gxf5 Rxb8+ 33. Kc2 Qxf2+ 34. Kc1 Rb2 35. Rxh7 Qc2# 0-1

[Event "Ann Arbor op02"]
[Site "Ann Arbor"]
[Date "2003.02.09"]
[Round "2"]
[White "Finegold, Benjamin"]
[Black "Ho, Randy"]
[Result "1-0"]
[WhiteElo "2535"]
[BlackElo "1872"]
[PlyCount "55"]
[EventDate "2003.02.09"]
[EventType "swiss"]
[EventRounds "4"]
[EventCountry "USA"]
[SourceTitle "EXT 2008"]
[Source "ChessBase"]
[SourceDate "2007.11.25"]
[SourceVersion "1"]
[SourceVersionDate "2007.11.25"]
[SourceQuality "1"]

1. d4 d6 2. Nf3 Bg4 3. e4 e6 4. h3 Bh5 5. Bd3 Nc6 6. g4 Bg6 7. d5 Nb4 8. Nc3 e5 9. Be2 Qd7 10. a3 Na6 11. Bb5 c6 12. dxc6 bxc6 13. Bxa6 Nf6 14. Bd3 Be7 15. Bg5 h5 16. Bxf6 gxf6 17. Nh4 hxg4 18. Qxg4 f5 19. Nxf5 Bxf5 20. Qxf5 Qb7 21. 0-0-0 Rb8 22. b3 Rh6 23. Rhg1 Re6 24. Bc4 d5 25. exd5 Bxa3+ 26. Kb1 Qb4 27. dxe6 Qxc3 28. Qxf7# 1-0